Música - Statistics

Estatísticas Gerais
  • Esse quiz foi jogado 130 vezes
  • A pontuação média é 9 de 15
Estatísticas das Respostas
Hint Resposta % Correto
Diamonds Rihanna
85%
Perfect Ed Sheeran
83%
Dancing Queen ABBA
79%
Story Of My Life One Direction
74%
Smooth Criminal Michael Jackson
73%
Don't Stop Me Now Queen
73%
If Love Is You Adele
66%
Yesterday Beatles
66%
Marry You Bruno Mars
57%
Hello Beyoncé
54%
All Day Now United
43%
Don't Stop Believing Journey
39%
Total Eclipse Of The Heart Bonnie Tyler
32%
We Are Young Fun
32%
Heaven Bryan Adams
28%
Nenhum quiz correspondente encontrado
Distribuição das Pontuações
Porcentagem de Pessoas com Cada Pontuação
Percentil de Números Respondidos
Sua Pontuação Histórica
Você não jogou esse quiz